| 000 | 00753nam a22001697a 4500 | ||
|---|---|---|---|
| 008 | 100524t2008 xxu||||| |||| 00| 0 eng d | ||
| 020 | _a9780521713672 | ||
| 082 |
_222 _a428.64 _bJOH |
||
| 100 | 1 |
_aJohnson, Margaret _910256 _d 1959- |
|
| 245 |
_aWild Country / _bMargaret Johnson. |
||
| 260 |
_aCambridge : _bCambridge University press, _cc2008. |
||
| 300 |
_a64 p. : _c24 cm. |
||
| 490 |
_aCambridge English readers; _vLevel 3 _914257 |
||
| 650 | 0 |
_99993 _aEnglish Language--study and teaching--foreign speakers |
|
| 942 |
_2ddc _cBB |
||
| 999 |
_c14014 _d14014 |
||